000 00511nam a2200169 a 4500
001 14332
003 CO-ViMGA
008 141112s2004 ck r 000 u spa d
040 _aCO-ViMGA
_bspa
_cCO-ViMGA
082 0 4 _a923.2 R481d
100 1 _aRivadeneira V., Antonio J.
_920980
245 1 0 _aDialectica integradora de Bolivar en América latina
260 _aSantafé de Bogotá :
_bUniversidad Central,
_c1989
300 _a369
650 1 4 _aBOLIVAR, SIMON - CRITICA E INTERPRETACION
_914125
942 _2ddc
_cBK
999 _c25012
_d25012